Food and nutrition : customs and culture
Αποθηκεύτηκε σε:
| Κύριος συγγραφέας: | |
|---|---|
| Μορφή: | Βιβλίο |
| Γλώσσα: | English |
| Δημοσίευση: |
Cheltenham :
Stanley Thornes,
c1998.
|
| Έκδοση: | 2nd ed. |
| Θέματα: | |
| Ετικέτες: |
Προσθήκη ετικέτας
Δεν υπάρχουν, Καταχωρήστε ετικέτα πρώτοι!
|
MARC
| LEADER | 00000cam a2200000 i 4500 | ||
|---|---|---|---|
| 001 | 1/26 | ||
| 008 | 000622s1998 enk ||||| |||| ||eng|| | ||
| 020 | |a 0748737235 |q (χαρτόδετο) | ||
| 020 | |a 9780748737239 |q (χαρτόδετο) | ||
| 035 | |l 10059510 | ||
| 040 | |a GR-MyUa |b gre |e AACR2 | ||
| 041 | 0 | |a eng | |
| 082 | 7 | |a 394.12 |2 (22) | |
| 100 | 1 | |a Fieldhouse, Paul. | |
| 245 | 1 | 0 | |a Food and nutrition : |b customs and culture / |c Paul Fieldhouse. |
| 246 | 1 | |i Άλλες παραλλαγές του τίτλου: |a Food & nutrition | |
| 250 | |a 2nd ed. | ||
| 260 | |a Cheltenham : |b Stanley Thornes, |c c1998. | ||
| 300 | |a xii, 253 σ. : |b εικ., χάρτες ; |c 24 εκ. | ||
| 500 | |a Ανατύπωση: Cheltenham : Nelson Thornes, c1996. | ||
| 504 | |a Περιέχει βιβλιογραφικές παραπομπές (σ. [234]-247) και ευρετήριο. | ||
| 650 | 0 | |a Food habits. | |
| 650 | 0 | |a Nutrition |x Social aspects. | |
| 852 | |a INST |b LEMNOS |e 20090612 |h 394.12 FIE |p 005600000033 |q 005600000033 |t BK |y 0 | ||
| 852 | |a INST |b LESVOS |e 20000622 |h 394.12 FIE |p 005100023269 |q 005100023269 |t BK |y 0 | ||
| 901 | |a BIBL6-2009-2 | ||
| 922 | |a 1ΕΛΗ |b 200003 |c ΚΠΣ/ΤΚ |d ΠΑΠΑΣΩΤΗΡΙΟΥ | ||
| 922 | |a 6ΕΛΗ |b 200811 |c ΕΠΕΑΕΚ2/ΚΥΒ |d ΜΙΧΑΛΟΠΟΥΛΟΣ | ||
| 970 | |z 2000/06/ΟΙΚΟΝΟΜΟΠΟΥΛΟΥ ΧΡΙΣΤΙΝΑ | ||